000 00754nam a22001937a 4500
003 OSt
005 20250927133923.0
008 240315b ||||| |||| 00| 0 eng d
040 _c0
082 _aDPer 621.381 In821 August 2022 v. 37 n. 8
100 _aYi, Lifang.
_eauthor.
_954822
245 _aBidirectional Q-Z-source DC circuit breaker /
_cLifang Yi and Jinyeong Moon.
260 _aNew York ;
_bThe Institute of Electrical and Electronics Engineers, Inc. ,
_cAugust 2022.
300 _avolume 37, pages 9524-9538 :
_billustration ;
_c28 cm.
500 _aIEEE Transitions on Power Electronics, v. 37 n. 8, pages 9524-9538, August 2022.
700 _aYi, Lifang.
_eauthor.
_954822
700 _aMoon, Jinyeong.
_eauthor.
_954823
942 _2ddc
_cPER
999 _c19714
_d19714